<?xml version="1.0" encoding="UTF-8"?>
<collection xmlns="http://www.loc.gov/MARC21/slim">
 <record>
  <leader>01294nam a2200169Ia 4500</leader>
  <controlfield tag="001">CTU_19103</controlfield>
  <controlfield tag="008">210402s9999    xx            000 0 und d</controlfield>
  <datafield tag="082" ind1=" " ind2=" ">
   <subfield code="a">617</subfield>
  </datafield>
  <datafield tag="082" ind1=" " ind2=" ">
   <subfield code="b">C641</subfield>
  </datafield>
  <datafield tag="245" ind1=" " ind2="0">
   <subfield code="a">Clinical surgery</subfield>
  </datafield>
  <datafield tag="260" ind1=" " ind2=" ">
   <subfield code="a">Cambridge, Massachusetts</subfield>
  </datafield>
  <datafield tag="260" ind1=" " ind2=" ">
   <subfield code="b">Blackwell Science</subfield>
  </datafield>
  <datafield tag="260" ind1=" " ind2=" ">
   <subfield code="c">1996</subfield>
  </datafield>
  <datafield tag="520" ind1=" " ind2=" ">
   <subfield code="a">The book combines symptoms and signs with a comprehensive overview of surgical practice; stresses that common things are common by prioritizing the 'core' information; is deal for revision with 52 'At a Glance' boxes summarizing the important features of the common surgical diseases; emphasizes the importance of clinical skills in a section on history taking, examination and investigations; highlights the surgical emergencies in a section on the management of acute surgical illness and trauma; gives a comprehensive overview of general and specialist surgery in which each system has a section on clinical evaluation of the patient, pathology, clinical features and management of the diseases; integrates basic science wiht clinical surgery by covering the pathophysiology of diseases; includes chapters on orthopaedics and musculoskeletal trauma</subfield>
  </datafield>
  <datafield tag="650" ind1=" " ind2=" ">
   <subfield code="a">surgery,surgery, operative</subfield>
  </datafield>
  <datafield tag="904" ind1=" " ind2=" ">
   <subfield code="i">Minh, 971008</subfield>
  </datafield>
  <datafield tag="980" ind1=" " ind2=" ">
   <subfield code="a">Trung tâm Học liệu Trường Đại học Cần Thơ</subfield>
  </datafield>
 </record>
</collection>
